| 000 | 01054nam a2200241 i 4500 | ||
|---|---|---|---|
| 001 | 179938 | ||
| 003 | ES-MaACL | ||
| 005 | 20250914151026.0 | ||
| 008 | 120306s2003 sp |||| | spa d | ||
| 020 | _a84-89794-52-9 | ||
| 080 | _a821.134.2-14"12" | ||
| 100 | 1 |
_aGonzalo de Berceo. _9149511 |
|
| 245 | 1 | 0 |
_aObras completas / _cGonzalo de Berceo ; [edición y prólogo de Carlos Clavería y Jorge García López]. |
| 260 |
_aMadrid : _bFundación José Antonio de Castro, _c[2003] |
||
| 300 |
_aXXXIII, 566 p. ; _c23 cm. |
||
| 490 | 1 | _aBiblioteca Castro | |
| 505 | 8 | _aContiene: Los milagros de Nuestra Señora ; Del sacrificio de la misa ; Los signos del Juicio Final ; Himnos ; El Duelo de la Virgen ; Loores de Nuestra Señora ; Vida de San Millán de la Cogolla ; Vida de Santo Domingo de Silos ; Martirio de San Lorenzo ; Poema de Santa Oria | |
| 700 | 1 |
_aClavería, Carlos, _d1963- _9149211 |
|
| 700 | 1 |
_aGarcía López, Jorge. _9139554 |
|
| 830 | 0 |
_aBiblioteca Castro _9178957 |
|
| 852 |
_aES-MaACL _jL-29801 |
||
| 999 |
_c179938 _d179938 |
||